25 滋賀県の市町村 人口順 - Statistics

General Stats
  • This quiz has been taken 13 times
  • The average score is 18 of 19
Answer Stats
順位 人口 市町村 % Correct
1 344,395 大津市
100%
2 149,257 草津市
100%
3 111,659 彦根市
100%
4 110,064 東近江市
100%
5 107,993 長浜市
100%
6 85,263 甲賀市
100%
8 80,703 近江八幡市
100%
9 68,906 栗東市
100%
10 53,347 湖南市
100%
11 50,106 野洲市
100%
12 43,253 高島市
100%
13 35,246 米原市
100%
14 20,338 愛荘町
88%
15 20,142 日野町
88%
7 85,201 守山市
75%
16 10,991 竜王町
75%
17 6,954 多賀町
75%
18 6,834 豊郷町
75%
19 5,880 甲良町
75%
No matching quizzes found
Score Distribution
Percent of People with Each Score
Percentile by Number Answered
Your Score History
You have not taken this quiz